Normal view MARC view
  • Baumeister, Theodore,

Entry Personal Name

Number of records used in: 1

001 - CONTROL NUMBER

  • control field: 81319

003 - CONTROL NUMBER IDENTIFIER

  • control field: NUST

005 - DATE AND TIME OF LATEST TRANSACTION

  • control field: 20210806155238.0

008 - FIXED-LENGTH DATA ELEMENTS

  • fixed length control field: 210806|| aca||aabn | a|a d

040 ## - CATALOGING SOURCE

  • Original cataloging agency: NUST
  • Transcribing agency: NUST

100 ## - HEADING--PERSONAL NAME

  • Personal name: Baumeister, Theodore,
  • Dates associated with a name: 1926-

670 ## - SOURCE DATA FOUND

  • Source citation: Work cat.: (NUST)32207: Marks' standard Handbook for Mechanical Engineers, c2007.
© 2023 Central Library, National University of Sciences and Technology. All Rights Reserved.